folklore-Album (Taylor Swift) - Statistics

General Stats
  • This quiz has been taken 400 times
  • The average score is 15 of 17
Answer Stats
# Title % Correct
4. (Feat. Bon Iver) exile
99%
1. the 1
98%
2. cardigan
97%
14. betty
93%
17. (Deluxe) the lakes
93%
8. august
92%
5. my tears ricochet
92%
3. the last great american dynasty
92%
16. hoax
91%
7. seven
90%
6. mirrorball
89%
10. illicit affairs
87%
15. peace
84%
13. epiphany
82%
11. invisible string
82%
9. this is me trying
82%
12. mad woman
78%
No matching quizzes found
Score Distribution
Percent of People with Each Score
Percentile by Number Answered
Your Score History
You have not taken this quiz